Подробности
| 000 -МАРКЕР |
| контрольное поле |
01512nam0a22003251 4500 |
| 001 - ИДЕНТИФИКАТОР ЗАПИСИ |
| контрольное поле |
RU\NLR\INFOCOMM_196\5000016694 |
| 005 - ИДЕНТИФИКАТОР ВЕРСИИ |
| контрольное поле |
20260406084917.0 |
| 035 ## - ДРУГИЕ СИСТЕМНЫЕ НОМЕРА |
| Идентификатор записи |
(NLR Aleph) 009052966 |
| 100 ## - ДАННЫЕ ОБЩЕЙ ОБРАБОТКИ |
| Данные общей обработки |
20080917d1974 |||y0rusy50 ca |
| 101 1# - ЯЗЫК РЕСУРСА |
| Язык текста, звукозаписи и т.д. |
венгерский |
| Язык оригинала |
русский |
| 102 ## - СТРАНА ПУБЛИКАЦИИ ИЛИ ПРОИЗВОДСТВА |
| Страна публикации |
украина |
| 105 ## - ПОЛЕ КОДИРОВАННЫХ ДАННЫХ: ТЕКСТОВЫЕ МАТЕРИАЛЫ, МОНОГРАФИЧЕСКИЕ |
| Кодированные данные о монографическом текстовом документе |
ab j 000zy |
| 200 1# - ЗАГЛАВИЕ И СВЕДЕНИЯ ОБ ОТВЕТСТВЕННОСТИ |
| Основное заглавие |
Állattan |
| Сведения, относящиеся к заглавию |
tankönyv a középiskolák 6-7. osztálya számára |
| Первые сведения об ответственности |
B. J. Bihovszkij, J. V. Kozlova, A. Sz. Moncsadszkij [et al.] |
| 205 ## - СВЕДЕНИЯ ОБ ИЗДАНИИ |
| Сведения об издании |
2. kiad. [Пер. с 4-го изд. 1973 г.] |
| 210 ## - ПУБЛИКАЦИЯ, РАСПРОСТРАНЕНИЕ И ДР. |
| Место издания, распространения и т.д. |
Kijev |
| -- |
Uzsgorod |
| Имя издателя, распространителя и т. д. |
Ragyanszka skola |
| Дата издания, распространения и т.д. |
1974 |
| 215 ## - ФИЗИЧЕСКАЯ ХАРАКТЕРИСТИКА |
| Специфическое обозначение материала и объем |
272 с. |
| Другие сведения о физической характеристике |
цв. ил., карт. |
| Размеры |
22 см |
| 300 ## - ОБЩИЕ ПРИМЕЧАНИЯ |
| Текст примечания |
На обороте тит. л.: Зоология: учебник для 6-7 кл. / Борис Евсеевич Быховский [и др.] |
| 517 1# - ДРУГИЕ ВАРИАНТЫ ЗАГЛАВИЯ |
| Вариант заглавия |
Зоология |
| 701 #1 - ИМЯ ЛИЦА - АЛЬТЕРНАТИВНАЯ ОТВЕТСТВЕННОСТЬ |
| Начальный элемент ввода |
Bychovskij |
| Часть имени, кроме начального элемента ввода |
B. E. |
| Даты |
1908-1974 |
| Расширение инициалов личного имени |
Boris Evseevič |
| 701 #1 - ИМЯ ЛИЦА - АЛЬТЕРНАТИВНАЯ ОТВЕТСТВЕННОСТЬ |
| Графика поля |
Латинская |
| Материалы, к которым относится поле |
rus |
| Начальный элемент ввода |
Kozlova |
| Часть имени, кроме начального элемента ввода |
E. V. |
| Дополнения к именам, кроме дат |
д-р биол. наук |
| Даты |
1892-1975 |
| Расширение инициалов личного имени |
Elizaveta Vladimirovna |
| Идентификатор авторитетной/нормативной записи |
RU\NLR\AUTH\770279553 |
| Системный номер авторитетной/нормативной записи |
2651520 |
| 701 #1 - ИМЯ ЛИЦА - АЛЬТЕРНАТИВНАЯ ОТВЕТСТВЕННОСТЬ |
| Связь между полями |
z46790 |
| Начальный элемент ввода |
Mončadskij |
| Часть имени, кроме начального элемента ввода |
A.S. |
| Даты |
1897-1974 |
| Расширение инициалов личного имени |
Aleksandr Samojlovič |
| 790 #1 - ИМЯ ЛИЦА - АЛЬТЕРНАТИВНАЯ ФОРМА |
| Код отношения |
Автор |
| Материалы, к которым относится поле |
rus |
| Графика поля |
Кириллица |
| Начальный элемент ввода |
Козлова |
| Часть имени, кроме начального элемента ввода |
Е. В. |
| Дополнения к именам, кроме дат |
д-р биол. наук |
| Даты |
1892-1975 |
| Расширение инициалов личного имени |
Елизавета Владимировна |
| Идентификатор авторитетной/нормативной записи |
RU\NLR\AUTH\7757353 |
| Системный номер авторитетной/нормативной записи |
40285 |
| 790 #1 - ИМЯ ЛИЦА - АЛЬТЕРНАТИВНАЯ ФОРМА |
| Связь между полями |
z46701 |
| Начальный элемент ввода |
Мончадский |
| Часть имени, кроме начального элемента ввода |
А.С. |
| Даты |
1897-1974 |
| Расширение инициалов личного имени |
Александр Самойлович |
| 801 #1 - ИСТОЧНИК ЗАПИСИ |
| Страна |
российская федерация |
| Организация |
NLR |
| Дата составления |
20080917 |
| 801 #0 - ИСТОЧНИК ЗАПИСИ |
| Страна |
российская федерация |
| Организация |
NLR |
| Правила каталогизации |
PSBO |
| 852 ## - МЕСТОНАХОЖДЕНИЕ И ШИФР ХРАНЕНИЯ |
| Идентификатор организации |
NLR |
| Шифр хранения (Call Number) |
З01 Д-5/30 |
| 942 ## - ДОПОЛНИТЕЛЬНЫЕ ЭЛЕМЕНТЫ ЗАПИСИ (АБИС) |
| Тип экземпляра АБИС |
Книга |
| 980 ## - КОЛЛЕКЦИЯ |
| Название коллекции |
Национальная библиография |